REFLECTIONS on politics, governance and economy in contemporary Nigeria
I tiakina i:
| Kaituhi matua: | |
|---|---|
| Hōputu: | Pukapuka |
| Reo: | Ingarihi |
| I whakaputaina: |
Ibadan University Press
2016
|
| Tags: |
Tāpirihia he Tūtohu
No Tags, Be the first to tag this record!
|
MARC
| LEADER | 00000nam a22000007a 4500 | ||
|---|---|---|---|
| 008 | 201214b ||||| |||| 00| 0 eng d | ||
| 020 | |a 978-978-54045-0-0 | ||
| 100 | |a edited by Yagboyaju, Dhikru Adewale | ||
| 245 | |a REFLECTIONS on politics, governance and economy in contemporary Nigeria |c edited by Dhikru Adewale Yagboyaju |g 355p.; ill. | ||
| 260 | |b Ibadan University Press |c 2016 |h Ibadan |i 691243 |i 691244 |l JQ3096 .R22 |m Nigeria – Politics and government – 1960- |m Nigeria – Economic policy. |m Nigeria – Economic conditions – 1960- | ||
| 500 | |a It includes bibliographical references and index | ||
| 942 | |a lcc |c BK |e Kuteyi, M. A. |f 14/12/2020 | ||
| 952 | |0 0 |1 0 |2 lcc |4 0 |6 JQ3096 R22 |7 0 |9 450 |a HOL |b SSL |c GJ |d 2020-12-14 |l 0 |o JQ3096 .R22 |p 2020-2179 |r 2020-12-14 00:00:00 |w 2020-12-14 |y BK | ||
| 952 | |0 0 |1 0 |2 lcc |4 0 |6 JQ3096 R22 |7 0 |9 451 |a HOL |b HOL |c GJ |d 2020-12-14 |l 0 |o JQ3096 .R22 |p 2020-2180 |r 2020-12-14 00:00:00 |w 2020-12-14 |y BK | ||
| 999 | |c 227 |d 227 | ||